| 000 | 00810nam a2200265 a 4500 | ||
|---|---|---|---|
| 003 | AR-BaBNM | ||
| 005 | 20251128210936.0 | ||
| 008 | 082120s2002 ||||||||||||||000 | spa|| | ||
| 040 | _cAR-BaBNM | ||
| 100 | 1 | _aFesquet, Alberto E.J. | |
| 245 | 0 | 0 |
_aEnseñanza de las ciencias _bmetodología y práctica en las escuelas elemental e intermedia |
| 260 |
_aBuenos Aires _bKapelusz _c1971 |
||
| 300 |
_a140 p. _bgráfs., il. |
||
| 490 | 0 | _aPedagogía práctica | |
| 500 | _aContiene referencias bibliográficas | ||
| 650 | 4 | _aENSEÑANZA DE LA CIENCIA | |
| 650 | 4 | _aEXPERIMENTOS CIENTIFICOS | |
| 650 | 4 | _aMETODOS DE ENSEÑANZA | |
| 650 | 4 | _aINVESTIGACION CIENTIFICA | |
| 650 | 4 | _aMATERIALES DE ENSEÑANZA | |
| 650 | 4 | _aPLANIFICACION | |
| 653 | _aEDUCACION PRIMARIA | ||
| 942 | _cBK | ||
| 998 | _cRAQUEL | ||
| 999 |
_c17559 _d17559 |
||